000
00287nam a2200085Ia 4500
245
0
_a
1000 ultimate sights : from the world's leading travel authority
100
_a
Bain, Andrew, Footscray, Vic., [c.2011] 1st. ed
_9
85981
942
_c
BK
008
210817s9999 xx 000 0 und d
999
_c
324558
_d
324557